[Event "Leer op"]
[Site "Leer"]
[Date "2024.11.02"]
[Round "5"]
[White "Wolf, Pablo"]
[Black "Goes, Carsten"]
[Result "1-0"]
[WhiteElo "2000"]
[BlackElo "1826"]
[PlyCount "47"]
[EventDate "2024.10.31"]
[EventType "swiss"]
[EventRounds "7"]
[EventCountry "GER"]
[SourceTitle "CB45_2024"]
[Source "ChessBase"]
[SourceDate "2024.11.06"]
[SourceVersion "1"]
[SourceVersionDate "2024.11.06"]
[SourceQuality "1"]

1. e4 c6 2. Ne2 d5 3. e5 Bf5 4. Ng3 Bg6 5. h4 h6 6. h5 Bh7 7. e6 fxe6 8. d4 Nf6 9. Bf4 Qb6 10. b3 Nbd7 11. Bd3 Bxd3 12. Qxd3 c5 13. c3 cxd4 14. cxd4 Qb4+ 15. Nd2 Rc8 16. 0-0 Rc3 17. Qg6+ Kd8 18. Ne2 Rc6 19. Nf3 Ne8 20. Rac1 Nef6 21. Rc2 Rxc2 22. Qxc2 Ne4 23. Qc7+ Ke8 24. Qc8+ 1-0

[Event "Bremen-ch"]
[Site "Bremen"]
[Date "2019.04.15"]
[Round "4.8"]
[White "Kastens, Elmar"]
[Black "Goes, Carsten"]
[Result "1-0"]
[WhiteElo "1858"]
[BlackElo "1714"]
[PlyCount "47"]
[EventDate "2019.04.13"]
[EventType "swiss"]
[EventRounds "9"]
[EventCountry "GER"]
[SourceTitle "EXT 2020"]
[Source "ChessBase"]
[SourceDate "2019.10.17"]
[SourceVersion "1"]
[SourceVersionDate "2019.10.17"]
[SourceQuality "1"]

1. e4 d5 2. exd5 Nf6 3. d4 Bg4 4. Be2 Bxe2 5. Nxe2 Qxd5 6. 0-0 e6 7. Nbc3 Qh5 8. Bf4 Bd6 9. Bxd6 cxd6 10. Qd3 a6 11. Qg3 Ke7 12. Rfe1 Nbd7 13. Nf4 Qf5 14. Qf3 Kf8 15. Qg3 Qg4 16. Nxe6+ fxe6 17. Qxd6+ Kf7 18. h3 Qf5 19. g4 Qf3 20. Qxe6+ Kg6 21. Re3 Qc6 22. Qf5+ Kf7 23. d5 Qc4 24. g5 1-0

[Event "Niedersachsen-ch op B"]
[Site "Verden"]
[Date "2019.01.04"]
[Round "4"]
[White "Goes, Carsten"]
[Black "Zoellner, Bente"]
[Result "1-0"]
[WhiteElo "1695"]
[BlackElo "1598"]
[PlyCount "67"]
[EventDate "2019.01.03"]
[EventType "swiss"]
[EventRounds "7"]
[EventCountry "GER"]
[SourceTitle "EXT 2022"]
[Source "ChessBase"]
[SourceDate "2021.10.06"]
[SourceVersion "1"]
[SourceVersionDate "2021.10.06"]
[SourceQuality "1"]

1. e4 c5 2. d4 cxd4 3. c3 Nf6 4. e5 Nd5 5. cxd4 Nc6 6. Nf3 d6 7. Bc4 Nb6 8. Bb5 Bg4 9. d5 Qc7 10. dxc6 bxc6 11. exd6 exd6 12. Be2 Be7 13. 0-0 0-0 14. Bf4 Nd5 15. Bd2 Bf6 16. Nc3 Nxc3 17. Bxc3 Bxc3 18. bxc3 Rfe8 19. h3 Bh5 20. Nd4 Bxe2 21. Nxe2 c5 22. Ng3 Re5 23. Re1 Rae8 24. Qd2 Qe7 25. Rxe5 Qxe5 26. Kf1 Kf8 27. Re1 Qxe1+ 28. Qxe1 Rxe1+ 29. Kxe1 Ke7 30. Nf5+ Ke6 31. Nxg7+ Kd5 32. Kd2 Kc4 33. Nf5 Kd5 34. Ne3+ 1-0

[Event "Niedersachsen-ch op B"]
[Site "Verden"]
[Date "2019.01.04"]
[Round "3"]
[White "Seeber, Helmut"]
[Black "Goes, Carsten"]
[Result "0-1"]
[WhiteElo "1431"]
[BlackElo "1695"]
[PlyCount "78"]
[EventDate "2019.01.03"]
[EventType "swiss"]
[EventRounds "7"]
[EventCountry "GER"]
[SourceTitle "EXT 2022"]
[Source "ChessBase"]
[SourceDate "2021.10.06"]
[SourceVersion "1"]
[SourceVersionDate "2021.10.06"]
[SourceQuality "1"]

1. e4 d5 2. d4 dxe4 3. Nc3 Nf6 4. f3 e3 5. Bxe3 Bf5 6. Bc4 e6 7. Nge2 Nbd7 8. Ng3 Bg6 9. 0-0 c6 10. Nce2 Bd6 11. c3 Qc7 12. f4 Nb6 13. Bb3 0-0-0 14. f5 exf5 15. Bf4 Nbd5 16. Bxd6 Qxd6 17. Qd2 Ne4 18. Qc1 Nxg3 19. Nxg3 f4 20. Ne2 Bd3 21. Qd2 Bxe2 22. Qxe2 Ne3 23. Rfc1 f5 24. c4 Qxd4 25. Kh1 Rhe8 26. Qf3 g5 27. c5 g4 28. Qf2 h5 29. Bf7 Re7 30. Bb3 h4 31. Qxh4 Ree8 32. Qf2 Rh8 33. Qe2 g3 34. h3 Rde8 35. Bf7 Re5 36. Bh5 Ng4 37. Qf3 Rxh5 38. Rd1 Nf2+ 39. Qxf2 Qxf2 0-1

[Event "Bremen-ch op"]
[Site "Bremen"]
[Date "2018.03.26"]
[Round "4"]
[White "Goes, Carsten"]
[Black "Bokelmann, Joachim"]
[Result "0-1"]
[WhiteElo "1756"]
[BlackElo "1964"]
[PlyCount "54"]
[EventDate "2018.03.24"]
[EventType "swiss"]
[EventRounds "9"]
[EventCountry "GER"]
[SourceTitle "EXT 2019"]
[Source "ChessBase"]
[SourceDate "2018.10.10"]
[SourceVersion "1"]
[SourceVersionDate "2018.10.10"]
[SourceQuality "1"]

1. e4 d5 2. exd5 Qxd5 3. Nc3 Qd6 4. d4 Nf6 5. Nb5 Qb6 6. c4 c6 7. Nc3 Bg4 8. Be2 Bxe2 9. Ngxe2 e6 10. 0-0 Be7 11. Re1 0-0 12. Qc2 Nbd7 13. Be3 Qc7 14. h3 Rfd8 15. Rac1 Qa5 16. a3 Rac8 17. Ng3 Bf8 18. Bd2 Qc7 19. b4 a6 20. Qb3 c5 21. d5 cxb4 22. axb4 Qxc4 23. Qxc4 Rxc4 24. dxe6 fxe6 25. b5 Nc5 26. Bg5 Nd3 27. Red1 Nxc1 0-1

[Event "Niedersachsen-ch op B"]
[Site "Verden"]
[Date "2018.01.05"]
[Round "4"]
[White "Sturm, Hubert"]
[Black "Goes, Carsten"]
[Result "1/2-1/2"]
[WhiteElo "1739"]
[BlackElo "1634"]
[PlyCount "99"]
[EventDate "2018.01.04"]
[EventType "swiss"]
[EventRounds "7"]
[EventCountry "GER"]
[SourceTitle "EXT 2022"]
[Source "ChessBase"]
[SourceDate "2021.10.06"]
[SourceVersion "1"]
[SourceVersionDate "2021.10.06"]
[SourceQuality "1"]

1. e4 d5 2. exd5 Nf6 3. Nf3 Bg4 4. Be2 Qxd5 5. 0-0 e6 6. d4 Nc6 7. c3 Bd6 8. Re1 0-0-0 9. Nbd2 h5 10. Nf1 h4 11. h3 Bxf3 12. Bxf3 Qf5 13. Nh2 e5 14. d5 Ne7 15. c4 Kb8 16. Nf1 e4 17. Bg4 Qxg4 18. Qxg4 Nxg4 19. hxg4 h3 20. g3 f5 21. gxf5 Nxf5 22. Rxe4 Rde8 23. Rxe8+ Rxe8 24. Bd2 Nd4 25. Nh2 Nf5 26. Re1 Rf8 27. Bc3 Kc8 28. a3 c6 29. dxc6 bxc6 30. Be5 Re8 31. Nf3 Kd7 32. b3 Bxa3 33. Kh2 Bc5 34. Re2 Nd4 35. Nxd4 Bxd4 36. f4 g5 37. Kxh3 gxf4 38. gxf4 c5 39. Kg4 Rg8+ 40. Kf3 Kc6 41. Bxd4 cxd4 42. Re5 Rb8 43. Ke4 Rxb3 44. Kxd4 Rf3 45. Re4 a5 46. Ke5 a4 47. Ke6 a3 48. Rd4 a2 49. Rd6+ Kc5 50. Ra6 1/2-1/2

[Event "Bremen-ch op"]
[Site "Bremen"]
[Date "2016.03.19"]
[Round "1"]
[White "Goes, Carsten"]
[Black "Sawadkuhi, Massoud Amir"]
[Result "0-1"]
[WhiteElo "1770"]
[BlackElo "2149"]
[PlyCount "88"]
[EventDate "2016.03.19"]
[EventType "swiss"]
[EventRounds "9"]
[EventCountry "GER"]
[SourceTitle "EXT 2018"]
[Source "ChessBase"]
[SourceDate "2017.10.13"]
[SourceVersion "1"]
[SourceVersionDate "2017.10.13"]
[SourceQuality "1"]

1. d4 Nf6 2. c4 c5 3. d5 e5 4. Nc3 d6 5. e4 Be7 6. g3 Na6 7. Bg2 Nc7 8. Nge2 Rb8 9. a4 a6 10. a5 0-0 11. 0-0 Nd7 12. f4 exf4 13. gxf4 Bf6 14. Ng3 b5 15. cxb5 Nxb5 16. Nxb5 Rxb5 17. Qd2 Re8 18. Ra4 Nf8 19. b4 cxb4 20. Rxb4 Qxa5 21. Rxb5 Qxd2 22. Bxd2 Bd4+ 23. Kh1 axb5 24. Rb1 Bd7 25. Ba5 Bc5 26. Bf3 Ra8 27. Bb4 Bxb4 28. Rxb4 Ra1+ 29. Kg2 Ng6 30. Ne2 Nh4+ 31. Kg3 Nxf3 32. Kxf3 Ra3+ 33. Kf2 Ra4 34. Rxa4 bxa4 35. Nc3 a3 36. Ke3 Kf8 37. Kd2 Ke7 38. e5 Ba4 39. Kc1 Bb3 40. Nb5 dxe5 41. d6+ Kd7 42. fxe5 a2 43. Kb2 Be6 44. Nd4 f6 0-1

[Event "Bremen-ch op"]
[Site "Bremen"]
[Date "2015.04.04"]
[Round "9"]
[White "Goes, Carsten"]
[Black "Gebur, Thomas"]
[Result "1/2-1/2"]
[WhiteElo "1761"]
[BlackElo "1870"]
[PlyCount "57"]
[EventDate "2015.03.28"]
[EventType "swiss"]
[EventRounds "9"]
[EventCountry "GER"]
[SourceTitle "EXT 2018"]
[Source "ChessBase"]
[SourceDate "2017.10.13"]
[SourceVersion "1"]
[SourceVersionDate "2017.10.13"]
[SourceQuality "1"]

1. d4 f5 2. g3 Nf6 3. Bg2 g6 4. Nf3 d6 5. 0-0 Bg7 6. b3 0-0 7. Bb2 Ne4 8. c4 Nd7 9. Nbd2 Ndf6 10. d5 a6 11. a4 e5 12. dxe6 Bxe6 13. Qc2 Rb8 14. a5 Qe7 15. Nxe4 Nxe4 16. Bxg7 Kxg7 17. Nd2 Nxd2 18. Qxd2 Rfe8 19. e3 Qf6 20. Rfd1 Bf7 21. Qd4 Re7 22. Qa7 Rbe8 23. Bxb7 Qc3 24. Bc6 Rd8 25. Rdc1 Qxb3 26. Rcb1 Qc3 27. Rc1 Qb2 28. Rcb1 Qc3 29. Rc1 1/2-1/2

[Event "Bremen-ch op"]
[Site "Bremen"]
[Date "2015.04.03"]
[Round "8"]
[White "Meyer, Irmin"]
[Black "Goes, Carsten"]
[Result "1-0"]
[WhiteElo "1997"]
[BlackElo "1761"]
[PlyCount "69"]
[EventDate "2015.03.28"]
[EventType "swiss"]
[EventRounds "9"]
[EventCountry "GER"]
[SourceTitle "EXT 2018"]
[Source "ChessBase"]
[SourceDate "2017.10.13"]
[SourceVersion "1"]
[SourceVersionDate "2017.10.13"]
[SourceQuality "1"]

1. e4 d5 2. exd5 Qxd5 3. Nc3 Qd6 4. d4 Nf6 5. Nf3 c6 6. Ne5 Nbd7 7. Bf4 Nd5 8. Ne4 Qb4+ 9. c3 Qxb2 10. Nc4 Qxa1 11. Qxa1 Nxf4 12. g3 Nd5 13. Qb2 N7f6 14. Nxf6+ Nxf6 15. Bg2 e6 16. Na5 Bd6 17. Nxb7 Bxb7 18. Qxb7 0-0 19. Qxc6 Rad8 20. 0-0 Bb8 21. Rc1 Rc8 22. Qa6 Rfd8 23. Qa3 Ne8 24. Qa4 Nf6 25. Rc2 Ne8 26. Bf3 Nf6 27. Kg2 h6 28. Rc1 Kh7 29. Qa3 Kg8 30. Rb1 Rc7 31. Rb3 Rcd7 32. Rb7 e5 33. dxe5 Bxe5 34. Rxa7 Rd3 35. Qe7 1-0

[Event "Niedersachsen-ch op-A"]
[Site "Verden"]
[Date "2015.01.03"]
[Round "4"]
[White "Hachtmann, Christian"]
[Black "Goes, Carsten"]
[Result "1/2-1/2"]
[WhiteElo "2095"]
[BlackElo "1768"]
[PlyCount "26"]
[EventDate "2015.01.02"]
[EventType "swiss"]
[EventRounds "7"]
[EventCountry "GER"]
[SourceTitle "EXT 2018"]
[Source "ChessBase"]
[SourceDate "2017.10.13"]
[SourceVersion "1"]
[SourceVersionDate "2017.10.13"]
[SourceQuality "1"]

1. e4 d5 2. exd5 Qxd5 3. d4 e5 4. Qe2 Nc6 5. Nc3 Bb4 6. Bd2 Bxc3 7. Bxc3 Nxd4 8. Bxd4 Qxd4 9. c3 Qc5 10. f4 Ne7 11. fxe5 0-0 12. 0-0-0 Ng6 13. Nf3 Bg4 1/2-1/2

[Event "Niedersachsen-ch op-A"]
[Site "Verden"]
[Date "2015.01.02"]
[Round "2"]
[White "Franke, Dirk"]
[Black "Goes, Carsten"]
[Result "1/2-1/2"]
[WhiteElo "1812"]
[BlackElo "1768"]
[PlyCount "26"]
[EventDate "2015.01.02"]
[EventType "swiss"]
[EventRounds "7"]
[EventCountry "GER"]
[SourceTitle "EXT 2018"]
[Source "ChessBase"]
[SourceDate "2017.10.13"]
[SourceVersion "1"]
[SourceVersionDate "2017.10.13"]
[SourceQuality "1"]

1. c4 b6 2. Nc3 e6 3. d4 Bb7 4. e4 Bb4 5. Bd3 f5 6. Qe2 Nf6 7. Bg5 fxe4 8. Bxe4 Bxe4 9. Bxf6 Qxf6 10. Qxe4 Nc6 11. Nf3 0-0 12. 0-0 Bxc3 13. bxc3 Qf4 1/2-1/2

[Event "Bremen-ch op"]
[Site "Bremen"]
[Date "2014.04.16"]
[Round "5"]
[White "Mueller, Thomas3"]
[Black "Goes, Carsten"]
[Result "1/2-1/2"]
[WhiteElo "2010"]
[BlackElo "1785"]
[PlyCount "87"]
[EventDate "2014.04.14"]
[EventType "swiss"]
[EventRounds "9"]
[EventCountry "GER"]
[SourceTitle "EXT 2018"]
[Source "ChessBase"]
[SourceDate "2017.10.13"]
[SourceVersion "1"]
[SourceVersionDate "2017.10.13"]
[SourceQuality "1"]

1. e4 c5 2. Nf3 d6 3. d4 cxd4 4. Nxd4 Nf6 5. Nc3 a6 6. Be3 e5 7. Nb3 Be7 8. f3 Be6 9. Qd2 0-0 10. 0-0-0 a5 11. Bb5 Na6 12. Qf2 Nc7 13. Bb6 Qc8 14. Ba4 Nd7 15. Bxd7 Bxd7 16. Nxa5 Ra6 17. Kb1 Be6 18. Nb3 Na8 19. Be3 Nc7 20. g4 b5 21. Rd2 Qa8 22. Bb6 b4 23. Nd5 Nxd5 24. exd5 Bxd5 25. Rxd5 Qxd5 26. Nc1 Rfa8 27. b3 Qc6 28. Be3 d5 29. Re1 f6 30. h4 Ra5 31. Bd2 Bc5 32. Qe2 Qa6 33. a4 bxa3 34. Bxa5 a2+ 35. Nxa2 Qxa5 36. c3 Qa6 37. Qxa6 Rxa6 38. Rd1 d4 39. c4 Kf7 40. Nc1 Bb4 41. Na2 Bc5 42. Rd2 Ba3 43. Rd3 Rb6 44. Nc1 1/2-1/2

[Event "Bremen-ch op"]
[Site "Bremen"]
[Date "2014.04.14"]
[Round "1"]
[White "Hundack, Rolf"]
[Black "Goes, Carsten"]
[Result "1/2-1/2"]
[WhiteElo "2254"]
[BlackElo "1785"]
[PlyCount "97"]
[EventDate "2014.04.14"]
[EventType "swiss"]
[EventRounds "9"]
[EventCountry "GER"]
[SourceTitle "EXT 2018"]
[Source "ChessBase"]
[SourceDate "2017.10.13"]
[SourceVersion "1"]
[SourceVersionDate "2017.10.13"]
[SourceQuality "1"]

1. c4 Nf6 2. Nc3 e6 3. e4 d6 4. Nf3 c5 5. g3 Be7 6. Bg2 a6 7. 0-0 0-0 8. d4 cxd4 9. Nxd4 Nbd7 10. Be3 Qc7 11. Rc1 Rb8 12. f4 Re8 13. g4 e5 14. Nd5 Nxd5 15. cxd5 Qd8 16. Nf5 exf4 17. Bxf4 Ne5 18. Bxe5 dxe5 19. Kh1 Bg5 20. Rc3 g6 21. Ng3 Bf4 22. Qf3 Qh4 23. h3 h5 24. gxh5 Bxh3 25. Bxh3 Qxh3+ 26. Kg1 gxh5 27. Qxh5 Qxh5 28. Nxh5 Kf8 29. Nxf4 exf4 30. Rxf4 Re7 31. Rh3 Rbe8 32. Rg4 f5 33. Rf3 Rf7 34. exf5 Re5 35. d6 Rexf5 36. d7 Rd5 37. Rgf4 Rdxd7 38. Rxf7+ Rxf7 39. Rc3 Ke8 40. Rd3 Rd7 41. Rxd7 Kxd7 42. Kf2 Kd6 43. Ke3 Ke5 44. Kd3 Kd5 45. Kc3 Kc5 46. b4+ Kd5 47. Kd3 b5 48. a3 Ke5 49. Ke3 1/2-1/2

[Event "Niedersachsen-ch op-A"]
[Site "Verden"]
[Date "2014.01.03"]
[Round "3"]
[White "Soellig, Martin"]
[Black "Goes, Carsten"]
[Result "1-0"]
[WhiteElo "1857"]
[BlackElo "1789"]
[PlyCount "57"]
[EventDate "2014.01.02"]
[EventType "swiss"]
[EventRounds "7"]
[EventCountry "GER"]
[SourceTitle "EXT 2016"]
[Source "ChessBase"]
[SourceDate "2015.10.08"]
[SourceVersion "1"]
[SourceVersionDate "2015.10.08"]
[SourceQuality "1"]

1. e4 c5 2. Nc3 d6 3. g3 Nc6 4. Bg2 g6 5. Nge2 Bg7 6. 0-0 e6 7. d3 Nge7 8. Bg5 Rb8 9. Qd2 b5 10. Rae1 Ba6 11. Bh6 0-0 12. Bxg7 Kxg7 13. f4 b4 14. Nd1 Qc7 15. Ne3 f5 16. g4 Rbd8 17. exf5 exf5 18. Ng3 fxg4 19. f5 Ne5 20. fxg6 Nf3+ 21. Bxf3 gxf3 22. gxh7 Qd7 23. Nd5 Ng6 24. Nh5+ Kh8 25. Ndf6 Rxf6 26. Nxf6 Qg7 27. Qg5 Bb7 28. Kf2 Rf8 29. Re6 1-0

[Event "Lippe Cup-B 08th"]
[Site "Lieme"]
[Date "2011.10.30"]
[Round "4"]
[White "Radde, Horst"]
[Black "Goes, Carsten"]
[Result "1-0"]
[WhiteElo "1719"]
[BlackElo "1605"]
[PlyCount "49"]
[EventDate "2011.10.28"]
[EventType "swiss"]
[EventRounds "5"]
[EventCountry "GER"]
[SourceTitle "EXT 2012"]
[Source "ChessBase"]
[SourceDate "2011.11.24"]
[SourceVersion "1"]
[SourceVersionDate "2011.11.24"]
[SourceQuality "1"]

1. d3 d5 2. e3 e5 3. a3 Bd6 4. Nd2 Nf6 5. c4 d4 6. e4 c5 7. g3 Nc6 8. h3 Be6 9. Bg2 0-0 10. Ne2 Ne8 11. 0-0 f5 12. exf5 Bxf5 13. Ne4 Qd7 14. Kh2 h6 15. f4 exf4 16. Bxf4 Bxf4 17. Nxf4 b6 18. g4 Bxe4 19. Bxe4 Qd6 20. Bd5+ Kh7 21. Qf3 Rc8 22. Qe4+ Kh8 23. Kg2 Ne7 24. Rae1 Nxd5 25. Ng6+ 1-0